| Tag |
First Indicator |
Second Indicator |
Subfields |
| LEADER |
00000pam a2200000 a 4500 |
| 001 |
in00000073892 |
| 005 |
20151008054737.0 |
| 008 |
810930s1982 njua b 00110 eng |
| 010 |
|
|
|a 81015895
|
| 019 |
|
|
|a 8164910
|
| 020 |
|
|
|a 0691076359 :
|c $20.00
|
| 020 |
|
|
|a 0691022070 (pbk.) :
|c $5.95
|
| 035 |
|
|
|a (OCoLC)07875501
|
| 035 |
|
|
|9 AAJ1544AM
|
| 039 |
0 |
|
|a 2
|b 3
|c 3
|d 3
|e 3
|
| 040 |
|
|
|a DLC
|c DLC
|d TXA
|d UtOrBLW
|
| 049 |
|
|
|a TXAM
|c [1654901]
|
| 050 |
0 |
0 |
|a HD9743.A2
|b P5
|
| 082 |
0 |
|
|a 382/.4535582
|2 19
|
| 100 |
1 |
|
|a Pierre, Andrew J.
|
| 245 |
1 |
4 |
|a The global politics of arms sales /
|c Andrew J. Pierre.
|
| 264 |
|
1 |
|a Princeton, N.J. :
|b Princeton University Press,
|c [1982]
|
| 264 |
|
4 |
|c ©1982
|
| 300 |
|
|
|a xvi, 352 pages :
|b illustrations ;
|c 23 cm.
|
| 336 |
|
|
|a text
|b txt
|2 rdacontent
|
| 337 |
|
|
|a unmediated
|b n
|2 rdamedia
|
| 338 |
|
|
|a volume
|b nc
|2 rdacarrier
|
| 500 |
|
|
|a "Council on Foreign Relations books."
|
| 504 |
|
|
|a Includes bibliographical references and index.
|
| 650 |
|
0 |
|a Weapons industry
|x Political aspects.
|
| 650 |
|
0 |
|a Firearms industry and trade
|x Political aspects.
|
| 650 |
|
0 |
|a World politics.
|
| 650 |
|
0 |
|a Defense industries
|x Political aspects.
|
| 650 |
|
0 |
|a Arms transfers
|x Political aspects.
|
| 650 |
|
0 |
|a Military weapons
|x Political aspects.
|
| 650 |
|
0 |
|a Military supplies
|x Political aspects.
|
| 999 |
|
|
|a MARS
|
| 999 |
f |
f |
|s fa70e39e-e496-35c0-8b80-ca41e1be2998
|i 3ad1361c-a584-3d96-bc87-cf610391271e
|t 0
|
| 952 |
f |
f |
|p ric
|a Texas A&M University
|b Rellis Campus
|c Joint Library Facility
|d Remote Storage
|t 0
|e HD9743.A2 P5
|h Library of Congress classification
|i unmediated -- volume
|m A14806132226
|
| 998 |
f |
f |
|a HD9743.A2 P5
|t 0
|l Remote Storage
|